000 00568nam a2200229Ia 4500
005 20260430150728.0
008 008 250103s9999 xx 000 0 eng d
037 _aTheses
040 _aCRL
040 _beng
040 _ceng
041 _2eng
041 _aeng
084 _qCRL
100 _aGulnawaz Parveen Au.; Rehmani Najma Gu.
_91238322
245 0 _aSharahin-e-Ghalib ka tanqeedi mutala
260 _c2023
300 _a348p.
700 _aUniversity of Delhi. Faculty of Arts. Department of Urdu
942 _cTH
999 _c1850492
_d1850492